Biggest European City by Letter: M - Statistics

General Stats
  • This quiz has been taken 164 times
  • The average score is 8 of 16
Answer Stats
Population Answer % Correct
12,330,126 Moscow
98%
3,165,235 Madrid
94%
520,215 Manchester
94%
1,407,836 Munich
91%
1,344,906 Milan
87%
852,516 Marseille
83%
1,949,400 Minsk
77%
318,107 Malmö
66%
569,130 Málaga
49%
442,573 Murcia
20%
461,810 Mariupol
10%
407,775 Magnitogorsk
6%
572,076 Makhachkala
6%
374,644 Mogilev
6%
494,763 Mykolaiv
3%
353,918 Makiivka
2%
No matching quizzes found
Score Distribution
Percent of People with Each Score
Percentile by Number Answered
Your Score History
You have not taken this quiz